ARRUPE JESUIT UNIVERSITY

CORONAVIRUS -STOP THE SPREAD - CLEAN,DISINFECT,COVER

In South Central Africa : (Record no. 120230)

MARC details
000 -LEADER
fixed length control field 01005cam a22002651a 4500
001 - CONTROL NUMBER
control field 7764213
003 - CONTROL NUMBER IDENTIFIER
control field ARRUPE
005 - DATE AND TIME OF LATEST TRANSACTION
control field 20140320112516.0
008 - FIXED-LENGTH DATA ELEMENTS--GENERAL INFORMATION
fixed length control field 821119s1912 enkbf 001 0aeng
010 ## - LIBRARY OF CONGRESS CONTROL NUMBER
LC control number 13000051
035 ## - SYSTEM CONTROL NUMBER
System control number (OCoLC)8972008
040 ## - CATALOGING SOURCE
Original cataloging agency DLC
Transcribing agency MeLB
Modifying agency MeLB
-- DLC
042 ## - AUTHENTICATION CODE
Authentication code premarc
043 ## - GEOGRAPHIC AREA CODE
Geographic area code f-za---
-- fc-----
050 00 - LIBRARY OF CONGRESS CALL NUMBER
Classification number DT963.2
Item number .M68 1912
300 ## - PHYSICAL DESCRIPTION
Other physical details map, plates ;
Dimensions 23 cm.
100 1# - MAIN ENTRY--PERSONAL NAME
Personal name Moubray, J. M.
Fuller form of name (John M.).
9 (RLIN) 9184
245 10 - TITLE STATEMENT
Title In South Central Africa :
Remainder of title being an account of some of the experiences and journeys of the author duing a stay of six years in that country /
Statement of responsibility, etc by J. M. Moubray ; with map and photographs by the author.
260 ## - PUBLICATION, DISTRIBUTION, ETC. (IMPRINT)
Place of publication, distribution, etc London :
Name of publisher, distributor, etc Constable,
Date of publication, distribution, etc 1912.
300 ## - PHYSICAL DESCRIPTION
Extent xvi, 197 p., [28] leaves of plates (some folded) :
500 ## - GENERAL NOTE
General note Includes index.
651 #0 - SUBJECT ADDED ENTRY--GEOGRAPHIC NAME
Geographic name Zambia
General subdivision Description and travel.
9 (RLIN) 9185
651 #0 - SUBJECT ADDED ENTRY--GEOGRAPHIC NAME
Geographic name Africa, Central
General subdivision Description and travel.
9 (RLIN) 9186
906 ## - LOCAL DATA ELEMENT F, LDF (RLIN)
a 7
b cbc
c oclcrpl
d u
e ncip
f 19
g y-gencatlg
942 ## - ADDED ENTRY ELEMENTS (KOHA)
Source of classification or shelving scheme Library of Congress Classification
Koha item type Monograph ( Printed materials)
Holdings
Withdrawn status Lost status Source of classification or shelving scheme Damaged status Not for loan Collection code Home library Current library Shelving location Date acquired Total Checkouts Full call number Barcode Date last seen Price effective from Koha item type
    Library of Congress Classification     Main Collection ARRUPE LIBRARY ARRUPE LIBRARY Main Collection 20/03/2014   SPC DT963.2 .M68 1912 46500001940 05/07/2018 20/03/2014 Monograph ( Printed materials)

 

Arrupe Library. PO Box MP320 Mt Pleasant, Harare, Zimbabwe
263 242 745411|librarian@aju.ac.zw